00648nam a22001937a 4500003000500000005001700005008004100022010001000063011001000073035001000083040000900093100003100102245008300133260008000216300002200296490005700318650002200375830005700397CHAP20220329135514.0971013s1972 r 00010 d a37704 a38676 a42796 cCHAP00aQuevedo C., Rafael Isidro. aAnálisis económico de las granjas porcinas de la zona central de Venezuela aMaracay :bUniversidad Central de Venezuela. Facultad de Agronomía,c1972 a76 p.b; gráfs. aRevista de la Facultad de Agronomía. Alcancev; 1914aGranjas porcinas.0 aRevista de la Facultad de Agronomía. Alcancev; 19